<?xml version="1.0" encoding="UTF-8"?>
<collection xmlns="http://www.loc.gov/MARC21/slim">
 <record>
  <leader>02706cam a2200289 7i4500</leader>
  <controlfield tag="001">0000054757</controlfield>
  <controlfield tag="005">20230725090000.0</controlfield>
  <controlfield tag="008">180823  Eng</controlfield>
  <datafield tag="040" ind1=" " ind2=" ">
   <subfield code="a">TSAM Library</subfield>
  </datafield>
  <datafield tag="090" ind1="0" ind2="0">
   <subfield code="a">TJ145 </subfield>
   <subfield code="b">KES 2018</subfield>
  </datafield>
  <datafield tag="100" ind1="1" ind2="1">
   <subfield code="a">Keshantran, Murugan </subfield>
  </datafield>
  <datafield tag="245" ind1="1" ind2="0">
   <subfield code="a">Investigation of Soil Improvement by Using Bitumen Emulsion For Subgrade  </subfield>
   <subfield code="c">Keshantran A/L Murugan.</subfield>
  </datafield>
  <datafield tag="264" ind1=" " ind2="0">
   <subfield code="a">Nilai: </subfield>
   <subfield code="b">INTI International University, </subfield>
   <subfield code="c">January 2018.</subfield>
  </datafield>
  <datafield tag="264" ind1=" " ind2="1">
   <subfield code="a">♭2018.</subfield>
  </datafield>
  <datafield tag="300" ind1=" " ind2=" ">
   <subfield code="a">xi, 82: </subfield>
   <subfield code="b">ill.; </subfield>
   <subfield code="c">30 cm.</subfield>
  </datafield>
  <datafield tag="336" ind1=" " ind2=" ">
   <subfield code="a">text</subfield>
   <subfield code="2">rdacontent</subfield>
  </datafield>
  <datafield tag="337" ind1=" " ind2=" ">
   <subfield code="a">unmediated</subfield>
   <subfield code="2">rdamedia</subfield>
  </datafield>
  <datafield tag="338" ind1=" " ind2=" ">
   <subfield code="a">volume</subfield>
   <subfield code="2">rdacarrier</subfield>
  </datafield>
  <datafield tag="500" ind1="0" ind2="0">
   <subfield code="a">BEng (Hons) in Civil Engineering Jannuary 2018</subfield>
  </datafield>
  <datafield tag="500" ind1="0" ind2="0">
   <subfield code="a">BCEGI 49</subfield>
  </datafield>
  <datafield tag="501" ind1="0" ind2="0">
   <subfield code="a">FEQS-Civil 2018</subfield>
  </datafield>
  <datafield tag="501" ind1="0" ind2="0">
   <subfield code="a">Soil is significant material found in amplitude by nature, which makes up the base of anyconstruction that is executed. The types of construction carried out are always dependent on soil.Subgrade soil is the most important part of a road pavement. Stabilization is commonly needed ifstrength of soil is poor. Increase in subgrade strength may lead to economy in the structuralthicknesses of a pavement. The main objective of this experimental study is to improve theproperties of the clay soil by adding bitumen emulsion (RS1) and to achieve the optimumpercentage of bitumen emulsion required to obtain minimum strength required for subgrade layeras set by JKR. An attempt has been made to use bitumen for improving the strength of clay soilwhich expressed in terms of CBR and UCS values that may prove to be economical. In this study,the whole laboratory work revolves around the basic properties of soil and its strength in terms ofCBR and UCS. This is followed by deciding with 0%, 1%, 2%, 3%, 4%, and 5% of stabilizer toshow the variation in CBR and UCS value to achieve the best possible strength properties of claysoil with JKR specification. Based on the UCS analysis, 5% of bitumen emulsion stabilized withclay soil gives unconfined compressive strength of 985.91kN/m2 and CBR analysis indicates thatCBR value increased effectively up to 80% with increase percentage of bitumen emulsion from0% to 5%. Hence, it has been observed that clay soil are suitable material to be use as subgradelayer by stabilized with bitumen emulsion</subfield>
  </datafield>
  <datafield tag="502" ind1="0" ind2="0">
   <subfield code="a">Being a project report submitted to INTI International University as a requirements for Bachelor Of Engineering (Hons) in Civil Engineering January 2018 under the managment and supervision of Faculty of Engineering &amp; Quantity Surveying, INTI International University</subfield>
  </datafield>
  <datafield tag="650" ind1="0" ind2="0">
   <subfield code="a">Dissertations, academic -- </subfield>
   <subfield code="x">Engineering </subfield>
  </datafield>
  <datafield tag="650" ind1="0" ind2="0">
   <subfield code="a">Civil Engineering </subfield>
  </datafield>
  <datafield tag="650" ind1="0" ind2="0">
   <subfield code="a">BCEGI </subfield>
  </datafield>
  <datafield tag="856" ind1=" " ind2=" ">
   <subfield code="u">http://intilib.intimal.edu.my/equip-intin/custom/home.jsp</subfield>
  </datafield>
 </record>
</collection>
